Objective Physics NEET 2020/ (Record no. 205635)
[ view plain ]
| 000 -LEADER | |
|---|---|
| fixed length control field | 00733nam a22002297a 4500 |
| 005 - DATE AND TIME OF LATEST TRANSACTION | |
| control field | 20240905163245.0 |
| 010 ## - LCCN (DPL NO) | |
| LC control number | ENG-141685 |
| 020 ## - INTERNATIONAL STANDARD BOOK NUMBER | |
| Terms of availability | 550.00 |
| International Standard Book Number | 9789353435882 |
| 020 ## - INTERNATIONAL STANDARD BOOK NUMBER | |
| Terms of availability | 599.00 |
| International Standard Book Number | 9789356062443 |
| 035 ## - SYSTEM CONTROL NUMBER | |
| System control number | EN-125217 |
| 037 ## - SOURCE OF ACQUISITION | |
| Source of stock number/acquisition | DBAD |
| 082 ## - DEWEY DECIMAL CLASSIFICATION NUMBER | |
| Classification number | 530 |
| Edition number | 4 |
| 100 ## - MAIN ENTRY--PERSONAL NAME | |
| Personal name | Abhay Kumar |
| 245 ## - TITLE STATEMENT | |
| Title | Objective Physics NEET 2020/ |
| Statement of responsibility, etc | By Abhay Kumar |
| 250 ## - EDITION STATEMENT | |
| Edition statement | 4 |
| 260 ## - PUBLICATION, DISTRIBUTION, ETC. (IMPRINT) | |
| Place of publication, distribution, etc | Uttar Pradesh |
| Name of publisher, distributor, etc | Pearson India Education Pvt Ltd |
| Date of publication, distribution, etc | 2020 |
| 270 ## - ADDRESS | |
| City | Uttar Pradesh |
| Address | 15th FLoor, Tower-B, World Trade Tower, Plot No.1, Block- C, Sector-16, Noida |
| Postal code | 201301 |
| 300 ## - PHYSICAL DESCRIPTION | |
| Extent | vpp. |
| Dimensions | 25cm(pb) |
| Other physical details | Index |
| 490 ## - SERIES STATEMENT | |
| Volume number/sequential designation | VOL 2 |
| 500 ## - GENERAL NOTE | |
| General note | National Eligibility Cum Entrance Test |
| 942 ## - ADDED ENTRY ELEMENTS (KOHA) | |
| Source of classification or shelving scheme | Dewey Decimal Classification |
| Item type | English Books |
| Classification part | 530 |
| Call number suffix | ABH |
| Edition | 4 |
| Withdrawn status | Lost status | Materials specified (bound volume or other part) | Not for loan | Collection code | Home library | Current library | Date acquired | Source of acquisition | Cost, normal purchase price | Full call number | Barcode | Copy number | Cost, replacement price | Koha item type |
|---|---|---|---|---|---|---|---|---|---|---|---|---|---|---|
| VOL 2 | Non-fiction | Bawana | Bawana | 05/09/2024 | DBAD | 550.00 | 530 ABH | EN-125217 | 1 | 550.00 | English Books |
